各省答对率最高/低的县级行政区 东北部分 Most famous/unknown counties in Northeast China - Statistics

General Stats
  • This quiz has been taken 23 times
  • The average score is 5 of 15
Answer Stats
省区 % Correct
黑龙江 漠河市
86%
内蒙古 满洲里市
64%
辽宁 铁西区
55%
黑龙江 道里区
50%
黑龙江 抚远市
45%
吉林 珲春市
41%
吉林 公主岭市
36%
内蒙古 阿拉善左旗
36%
辽宁 皇姑区
32%
内蒙古 阿拉善右旗
32%
辽宁 瓦房店市
23%
内蒙古 敖汉旗|宁城县|阿鲁科尔沁旗|固阳县|凉城县|多伦县|库伦旗|兴和县|突泉县
18%
黑龙江 恒山区|梨树区|宝山区|兴山区|城子河区|乌翠区|金林区|四方台区|桃山区|丰林县|岭东区
9%
辽宁 平山区|双塔区|新抚区|细河区|海州区|连山区|宏伟区|新邱区|东洲区|太平区
9%
吉林 江源区|辉南县|龙潭区|长岭县|柳河县|东昌区
5%
No matching quizzes found
Score Distribution
Percent of People with Each Score
Percentile by Number Answered
Your Score History
You have not taken this quiz